000 00499nam a2200157 i 4500
001 60442
003 ES-MaACL
005 20230906164231.0
007 t|
008 031104s1973 sp ||||1| spa d
100 1 _aEscudero Juan, Angel M.
_947706
245 1 3 _aLa voluntad vence al dolor
_b: en torno a la anestesia post-sofrónica /
_cAngel M. Escudero Juan.
260 _a[Valencia :
_bs.n.,
_c1973] (
_fImp. Vicent)
300 _a240 p. :
_bil. ;
_c24 cm.
852 _aES-MaACL
_jC-56264
_bR.88763
999 _c60442
_d60442